000 nam a22 7a 4500
999 _c9133
_d9133
008 180123b ||||| |||| 00| 0 eng d
100 _aNCERT
_95403
245 _aChemistry Part I
260 _aNew Delhi
_bNCERT
_c2007